Padova prima di Padova: la città e l'universo veneto
Saved in:
| Main Authors: | , |
|---|---|
| Format: | Book |
| Language: | Italian |
| Published: |
Verona
Cierre Edizioni
2013
|
| Edition: | 1a. ed |
| Series: | Quaderni delle Regaste, 5
|
| Subjects: | |
| Tags: |
Add Tag
No Tags, Be the first to tag this record!
|
MARC
| LEADER | 00000cam a2200000 a 4500 | ||
|---|---|---|---|
| 001 | UCD9333 | ||
| 003 | CL-VaPUC | ||
| 008 | 170616e20130000it |||||||||||||||||ita|d | ||
| 082 | 0 | 4 | |a 930.3 |b BRA |2 21 |
| 100 | 0 | |a Braccesi, Lorenzo |e author |9 593046 | |
| 700 | 0 | |a Veronese, Francesca |e author |9 593047 | |
| 245 | 1 | 0 | |a Padova prima di Padova: la città e l'universo veneto |
| 250 | |a 1a. ed | ||
| 300 | |a 213 p | ||
| 942 | |c BK | ||
| 945 | |d 20170616 21:05:00 |a dcastane | ||
| 260 | |a Verona |b Cierre Edizioni |c 2013 | ||
| 650 | 0 | |a Arqueología |9 265619 | |
| 650 | 0 | |a Arqueología romana |9 322709 | |
| 650 | 7 | |a EXCAVACIONES ARQUEOLOGICAS |2 CL-VaPUC |9 310948 | |
| 651 | 7 | |a PADUA |2 CL-VaPUC |9 352861 | |
| 583 | |a last modification |c 20170616 21:05:00 |k Rodrigo Vera | ||
| 490 | 0 | |a Quaderni delle Regaste, 5 | |
| 999 | |c 368563 |d 368561 | ||
| 952 | |0 0 |1 0 |3 erb |4 0 |6 930_300000000000000_BRA_2013 |7 0 |8 A |9 483921 |a FDOLAF |b FDOLAF |e Laffi, Umberto, 1939- |i 5398266 |o 930.3 BRA 2013 |p 5398266 |r 2024-01-30 |w 2019-11-24 |y BK |z Catalogado en:20170616 |k LAF | ||